| 000 | 00778cam a2200169 a 4500 | ||
|---|---|---|---|
| 001 | 000000931 | ||
| 005 | 20200929145439.0 | ||
| 008 | 781106m19381899fr ab d 000 0 fre c | ||
| 040 |
_aDO-SdBNP _bspa _cBNPHU |
||
| 082 |
_a230.3 _bD554t |
||
| 245 | 0 | 0 |
_aDictionnaire de théologie catholique, contenant l'exposé des doctrines de la théologie catholique : _bleurs preuves et leur histoire / _ccommencé sous la direction de A. Vacant, continué sous celle de E. Mangenot, avec le concours d'un grand nombre de collaborateurs. |
| 260 |
_aParís : _bLetouzey et Ané, _c1938. |
||
| 300 |
_a15 v. : _bil., rets., ; _c28 cm. |
||
| 700 | 1 |
_aVacant, Alfred, _d1852-1901, _eed. _93280 |
|
| 700 | 1 |
_aMangenot, E. _q(Eugène), _d1856-1922, _eed. _93281 |
|
| 700 | 1 |
_aAmann, Emile, _d1880-1948, _eed. _93282 |
|
| 999 |
_c922 _d922 |
||